[Event "SVK Extraliga 2018/2019"]
[Site "Dunajov"]
[Date "2019.03.10"]
[Round "8.5"]
[White "Varga, Zoltan"]
[Black "Tazbir, Marcin"]
[Result "1/2-1/2"]
[WhiteElo "2448"]
[BlackElo "2536"]
[PlyCount "37"]
[EventDate "2019.??.??"]

1. c4 e5 2. Nf3 Nc6 3. Nc3 g6 4. d4 exd4 5. Nxd4 Bg7 6. Nxc6 bxc6 7. g3 Rb8 8.
Qc2 Ne7 9. Be3 a6 10. Rd1 Nf5 11. Ba7 Rb7 12. Bc5 d6 13. Bg2 Bd7 14. Ba3 O-O
15. e3 Rb8 16. O-O c5 17. b3 Ne7 18. Rfe1 Qc8 19. Bb2 1/2-1/2

[Event "SVK Extraliga 2018/2019"]
[Site "Dunajov"]
[Date "2019.03.10"]
[Round "8.6"]
[White "Jurcik, Martin"]
[Black "Bagi, Mate"]
[Result "1/2-1/2"]
[WhiteElo "2354"]
[BlackElo "2461"]
[PlyCount "38"]
[EventDate "2019.??.??"]

1. e4 e5 2. Nf3 Nc6 3. d4 exd4 4. Nxd4 Nf6 5. Nxc6 bxc6 6. Bd3 d5 7. exd5 cxd5
8. O-O Be7 9. h3 O-O 10. Nd2 c5 11. b3 Be6 12. Bb2 a5 13. a4 Rb8 14. Bb5 Ne8
15. Qf3 Bf6 16. Bxf6 Nxf6 17. Rfe1 Qc7 18. Re2 Rfd8 19. Rae1 h6 1/2-1/2

[Event "SVK Extraliga 2018/2019"]
[Site "Dunajov"]
[Date "2019.03.10"]
[Round "8.7"]
[White "Rachela, Milan"]
[Black "Kantorik, Marian"]
[Result "1/2-1/2"]
[WhiteElo "2331"]
[BlackElo "2206"]
[PlyCount "95"]
[EventDate "2019.??.??"]

1. Nf3 d5 2. g3 c5 3. Bg2 Nc6 4. d4 e6 5. O-O Nf6 6. c4 cxd4 7. Nxd4 Be7 8. Nc3
O-O 9. Bf4 a6 10. Rc1 Qb6 11. Nxc6 bxc6 12. Na4 Qb7 13. Rc3 Bb4 14. Rb3 Qe7 15.
Qc2 Bd6 16. Bxd6 Qxd6 17. Rc1 Rb8 18. cxd5 Rxb3 19. Qxb3 cxd5 20. Qb6 Qe5 21.
Qc7 Qxc7 22. Rxc7 Bd7 23. Nc5 Bb5 24. Bf3 g5 25. a4 Bc4 26. b3 g4 27. bxc4 gxf3
28. exf3 dxc4 29. Ne4 Nxe4 30. fxe4 Rb8 31. Rxc4 Rb1+ 32. Kg2 Ra1 33. e5 h5 34.
Kf3 Kg7 35. Kf4 Kg6 36. f3 Ra2 37. h3 Ra3 38. Re4 Ra1 39. h4 Ra3 40. Rc4 Ra1
41. Re4 a5 42. g4 Rh1 43. Kg3 Rg1+ 44. Kf2 Rh1 45. Kg3 Rg1+ 46. Kh2 Rb1 47. Kg2
Ra1 48. Kg3 1/2-1/2

[Event "SVK Extraliga 2018/2019"]
[Site "Dunajov"]
[Date "2019.03.10"]
[Round "8.8"]
[White "Lisko, Frantisek"]
[Black "Takacs, Laszlo"]
[Result "0-1"]
[WhiteElo "2256"]
[BlackElo "2295"]
[PlyCount "52"]
[EventDate "2019.??.??"]

1. d4 Nf6 2. c4 e6 3. Nc3 d5 4. cxd5 exd5 5. Bg5 Be7 6. e3 Bf5 7. Qb3 Nbd7 8.
Bxf6 Nxf6 9. Qxb7 O-O 10. Bb5 a6 11. Bc6 Rb8 12. Qxa6 Rxb2 13. Nge2 Rb6 14. Qa4
Qd6 15. Ng3 Qxc6 16. Qxc6 Rxc6 17. Nxd5 Nxd5 18. Nxf5 Bb4+ 19. Ke2 g6 20. Ng3
Ra8 21. e4 Rc2+ 22. Kf3 Ra3+ 23. Kg4 h5+ 24. Kg5 Be7+ 25. Kh6 Nf6 26. f3 Nh7
0-1

[Event "SVK Extraliga 2018/2019"]
[Site "?"]
[Date "2019.04.12"]
[Round "9.1"]
[White "Krejci, Jan"]
[Black "Navara, David"]
[Result "1/2-1/2"]
[WhiteElo "2588"]
[BlackElo "2733"]
[PlyCount "106"]
[EventDate "2018.11.10"]
[WhiteTeam "SK Prakovce - www.sachovetreningy.sk"]
[BlackTeam "Reinter Snina"]

1. d4 Nf6 2. c4 e6 3. Nc3 Bb4 4. Nf3 b6 5. e3 Bb7 6. Bd3 O-O 7. O-O Bxc3 8.
bxc3 c5 9. Re1 Ne4 10. Nd2 f5 11. f3 Nxd2 12. Qxd2 Nc6 13. Bb2 Na5 14. Qe2 Qe7
15. Rad1 e5 16. e4 f4 17. g3 Ba6 18. gxf4 Rxf4 19. Bc1 Rf7 20. dxe5 Qxe5 21. f4
Qxc3 22. e5 Raf8 23. Bd2 Qb2 24. Bxa5 Qd4+ 25. Qe3 Qxe3+ 26. Rxe3 bxa5 27. f5
Re7 28. Kg2 Rb8 29. Rd2 Rb4 30. Be2 Kf7 31. Kg3 a4 32. Kf4 a3 33. Rxd7 Bxc4 34.
Rxe7+ Kxe7 35. Bxc4 Rxc4+ 36. Kf3 Rh4 37. Kg3 Rh5 38. Kg4 g6 39. fxg6 hxg6 40.
Rxa3 Rxh2 41. Ra6 c4 42. Kg3 Re2 43. Rxg6 Rxe5 44. Rc6 Re4 45. Kf3 Kd7 46. Rh6
Re8 47. Rh4 Rc8 48. Ke2 Kd6 49. Kd2 Kc5 50. Kc3 Kb5 51. a4+ Kxa4 52. Rxc4+
Rxc4+ 53. Kxc4 a5 1/2-1/2

[Event "SVK Extraliga 2018/2019"]
[Site "?"]
[Date "2019.04.12"]
[Round "9.6"]
[White "Holtman, Teodor"]
[Black "Mikrut, Dariusz"]
[Result "1/2-1/2"]
[WhiteElo "2261"]
[BlackElo "2375"]
[PlyCount "48"]
[EventDate "2018.11.10"]
[WhiteTeam "Reinter Snina"]
[BlackTeam "SK Prakovce - www.sachovetreningy.sk"]

1. e4 c5 2. Nf3 a6 3. Nc3 b5 4. d4 e6 5. dxc5 Bxc5 6. Bd3 Bb7 7. O-O d6 8. Qe2
Nd7 9. Bd2 Ne7 10. a3 Nc6 11. b4 Nd4 12. Nxd4 Bxd4 13. a4 bxa4 14. Rxa4 O-O 15.
Rfa1 Qf6 16. R1a3 Rac8 17. Nd1 Ne5 18. Ne3 Nxd3 19. Qxd3 Bxe3 20. Bxe3 Qb2 21.
c4 Bc6 22. Rxa6 Qxb4 23. Bd2 Qb7 24. Ra7 Qb2 1/2-1/2

[Event "SVK Extraliga 2018/2019"]
[Site "?"]
[Date "2019.04.12"]
[Round "9.8"]
[White "Pinter, Erik"]
[Black "Zambor, Norbert"]
[Result "1-0"]
[WhiteElo "2341"]
[BlackElo "2292"]
[PlyCount "63"]
[EventDate "2018.11.10"]
[WhiteTeam "Reinter Snina"]
[BlackTeam "SK Prakovce - www.sachovetreningy.sk"]

1. e4 c5 2. Nf3 Nc6 3. Nc3 e5 4. Bc4 g6 5. d3 h6 6. Nd2 Bg7 7. Nf1 d6 8. Ne3 a6
9. a4 Nf6 10. O-O O-O 11. Bd2 Kh7 12. Kh1 Be6 13. Ncd5 Ne7 14. Nxf6+ Bxf6 15.
a5 Bg7 16. b4 Bxc4 17. Nxc4 Rc8 18. Rb1 Rc7 19. bxc5 dxc5 20. f4 Nc6 21. fxe5
Nxe5 22. Bf4 Qe7 23. Qe1 Re8 24. Rb3 f6 25. Bxe5 fxe5 26. Qg3 Rf8 27. Rbb1
Rxf1+ 28. Rxf1 Rc6 29. Rf3 Rf6 30. Nxe5 Rxf3 31. Qxg6+ Kg8 32. Nxf3 1-0

[Event "SVK Extraliga 2018/2019"]
[Site "?"]
[Date "2019.04.12"]
[Round "9.2"]
[White "Petenyi, Tamas"]
[Black "Banusz, Tamas"]
[Result "0-1"]
[WhiteElo "2418"]
[BlackElo "2614"]
[PlyCount "82"]
[EventDate "2018.11.10"]
[WhiteTeam "SK Dunajska Streda"]
[BlackTeam "Slovan Commander"]

1. e4 c5 2. Nf3 Nc6 3. Bb5 g6 4. Bxc6 dxc6 5. h3 Bg7 6. d3 Nf6 7. Nc3 Nd7 8.
Be3 e5 9. Qd2 h6 10. O-O-O b6 11. Nh2 Nf8 12. f4 exf4 13. Bxf4 Ne6 14. Be3 Nd4
15. Nf3 Be6 16. Kb1 Qe7 17. Bxd4 cxd4 18. Ne2 O-O-O 19. Nf4 Bd7 20. e5 c5 21.
Rde1 Bc6 22. e6 Rhe8 23. Ne5 Bxe5 24. Rxe5 g5 25. Nh5 fxe6 26. Rhe1 Bd5 27. g4
Rf8 28. b3 Qf7 29. Qh2 Rd7 30. h4 gxh4 31. Qxh4 Qf2 32. Qxf2 Rxf2 33. g5 hxg5
34. Rxg5 Rdf7 35. Rg8+ Kd7 36. Reg1 Kc6 37. a4 Rh2 38. Ng3 Rd2 39. Re1 Rg2 40.
Rg5 Rff2 41. Rc1 Bxb3 0-1

[Event "SVK Extraliga 2018/2019"]
[Site "?"]
[Date "2019.04.12"]
[Round "9.6"]
[White "Bagi, Mate"]
[Black "Bures, Jaroslav"]
[Result "1/2-1/2"]
[WhiteElo "2452"]
[BlackElo "2384"]
[PlyCount "145"]
[EventDate "2018.11.10"]
[WhiteTeam "SK Dunajska Streda"]
[BlackTeam "Slovan Commander"]

1. e4 c6 2. Nf3 d5 3. Nc3 Bg4 4. h3 Bxf3 5. Qxf3 Nf6 6. Be2 dxe4 7. Nxe4 Nxe4
8. Qxe4 Qd5 9. Bf3 Qxe4+ 10. Bxe4 Nd7 11. d4 e5 12. dxe5 Nxe5 13. Bd2 Bc5 14.
O-O O-O-O 15. Rad1 g6 16. Bc3 Rhe8 17. Rxd8+ Kxd8 18. g3 f5 19. Bg2 Nd7 20. Bf3
Re6 21. Rd1 Ke7 22. Kf1 Nf6 23. a4 Ne4 24. Be1 Rd6 25. Rxd6 Kxd6 26. c3 Ke5 27.
Bd1 f4 28. Ke2 Bf8 29. Bc2 fxg3 30. fxg3 Bh6 31. b4 Bc1 32. a5 a6 33. Bd1 Ng5
34. h4 Ne6 35. Kd3 Kf5 36. Bf3 Ke5 37. Bf2 Bh6 38. Be4 Bf8 39. Bg2 Bd6 40. Be1
Bc7 41. c4 Kd6 42. Ke4 Kd7 43. Bh3 Ke7 44. Bf1 Kd7 45. Be2 Ke7 46. Bg4 Bd6 47.
h5 Bc7 48. Be2 Ng5+ 49. Ke3 Nf7 50. hxg6 hxg6 51. g4 Ke6 52. Bd2 Bh2 53. Ke4
Nd6+ 54. Kf3 Nf7 55. Bf1 Bb8 56. Ke4 Bh2 57. c5 Ke7 58. Bc4 Bg3 59. Bf1 Kf6 60.
Bc3+ Ke7 61. Kf3 Bc7 62. Ke3 Ng5 63. Bd3 Kf7 64. Bc4+ Ke7 65. Bd3 Kf7 66. Be1
Be5 67. Bc4+ Kf6 68. Bd2 Nh3 69. Ke4 Nf2+ 70. Kf3 Nh3 71. Ke4 Nf2+ 72. Kf3 Nh3
73. Ke4 1/2-1/2

[Event "SVK Extraliga 2018/2019"]
[Site "?"]
[Date "2019.04.12"]
[Round "9.7"]
[White "Petran, Peter"]
[Black "Czebe, Attila"]
[Result "0-1"]
[WhiteElo "2242"]
[BlackElo "2400"]
[PlyCount "130"]
[EventDate "2018.11.10"]
[WhiteTeam "Slovan Commander"]
[BlackTeam "SK Dunajska Streda"]

1. Nf3 b6 2. e4 Bb7 3. Nc3 e6 4. d4 Bb4 5. Bd3 Nf6 6. Qe2 d5 7. exd5 Qxd5 8.
Bd2 Bxc3 9. Bxc3 O-O 10. Bb4 Re8 11. c4 Qh5 12. O-O-O Bxf3 13. gxf3 Nc6 14. Bc3
e5 15. d5 Nd4 16. Qe3 Nd7 17. f4 Nc5 18. Bxd4 exd4 19. Qxd4 Rad8 20. Rhg1 Qh6
21. Rg4 c6 22. Bc2 cxd5 23. cxd5 g6 24. Kb1 Qh5 25. f5 Rxd5 26. Rxg6+ hxg6 27.
Qxd5 g5 28. b4 Ne4 29. Bxe4 Rxe4 30. Qxe4 Qxd1+ 31. Kb2 Qd2+ 32. Kb3 Qxf2 33.
Qe8+ Kg7 34. Qe5+ Kh7 35. Qf6 Qe3+ 36. Kc2 Kg8 37. h3 b5 38. a3 Qf2+ 39. Kb1
Qd2 40. Ka1 Qc1+ 41. Ka2 a6 42. Qd8+ Kg7 43. Qd4+ f6 44. Qd7+ Kh6 45. Qe6 Qc2+
46. Ka1 Qc3+ 47. Ka2 Qe5 48. Qc8 Qd5+ 49. Kb2 Qe5+ 50. Ka2 Kg7 51. Qd7+ Kf8 52.
Qd8+ Kf7 53. Qd7+ Qe7 54. Qc8 Kg7 55. Qc2 Qd7 56. Qe4 Kh6 57. Qg4 Qd2+ 58. Kb1
Qc3 59. Ka2 Qc2+ 60. Ka1 Qb3 61. h4 Qxa3+ 62. Kb1 Qd3+ 63. Kb2 Qd2+ 64. Kb3
Qe3+ 65. Kc2 Qf2+ 0-1

[Event "SVK Extraliga 2018/2019"]
[Site "?"]
[Date "2019.04.12"]
[Round "9.8"]
[White "Farkas, Gabor"]
[Black "Kostolansky, Sebastian Lukas"]
[Result "1/2-1/2"]
[WhiteElo "2357"]
[BlackElo "2323"]
[PlyCount "104"]
[EventDate "2018.11.10"]
[WhiteTeam "SK Dunajska Streda"]
[BlackTeam "Slovan Commander"]

1. d4 Nf6 2. c4 e6 3. Nf3 d5 4. g3 Bb4+ 5. Bd2 Bd6 6. Bg2 O-O 7. O-O Nbd7 8. b3
c6 9. Nc3 b6 10. e4 Nxe4 11. Nxe4 dxe4 12. Ng5 Nf6 13. Nxe4 Nxe4 14. Bxe4 Bb7
15. Qc2 f5 16. Bg2 Qf6 17. Bc3 Qf7 18. f4 c5 19. Bxb7 Qxb7 20. Qg2 Qxg2+ 21.
Kxg2 cxd4 22. Bxd4 Rfd8 23. Rad1 Rd7 24. Be5 Rad8 25. Bxd6 Rxd6 26. Rxd6 Rxd6
27. Kf3 Kf7 28. Ke3 Kf6 29. Rc1 Rc6 30. Rd1 Ke7 31. Rd4 h6 32. h4 Rc8 33. h5 a5
34. a3 g6 35. hxg6 Rg8 36. Kf3 Rxg6 37. c5 bxc5 38. Ra4 Rg8 39. Rxa5 Rb8 40. b4
cxb4 41. axb4 Rxb4 42. Ra7+ Kf6 43. Rh7 Kg6 44. Re7 Rb6 45. Re8 Rc6 46. Rg8+
Kf7 47. Rh8 Kg7 48. Re8 h5 49. Re7+ Kg6 50. Re8 Kg7 51. Re7+ Kg6 52. Re8 Kg7
1/2-1/2

[Event "SVK Extraliga 2018/2019"]
[Site "?"]
[Date "2019.04.12"]
[Round "9.1"]
[White "Pechac, Jergus"]
[Black "Mazur, Stefan"]
[Result "0-1"]
[WhiteElo "2464"]
[BlackElo "2435"]
[PlyCount "114"]
[EventDate "2018.11.10"]
[WhiteTeam "CVC VIX Mladost Zilina"]
[BlackTeam "Liptovska sachova skola"]

1. d4 d5 2. c4 e6 3. Nc3 Be7 4. Bf4 Nf6 5. e3 O-O 6. a3 b6 7. cxd5 Nxd5 8. Nxd5
exd5 9. Bd3 c5 10. Qh5 g6 11. Qf3 Be6 12. Ne2 Nd7 13. O-O c4 14. Bc2 Nf6 15. h3
Qd7 16. Bg5 Nh5 17. Bh6 Rfd8 18. g4 Nf6 19. Ng3 Rac8 20. Kh1 Kh8 21. Bf4 Ng8
22. Ne2 b5 23. Rg1 a5 24. Qg3 Qb7 25. h4 b4 26. g5 c3 27. bxc3 b3 28. Be5+ f6
29. gxf6 Bxf6 30. Bxf6+ Nxf6 31. Qe5 Qf7 32. Bxb3 Re8 33. Nf4 Bf5 34. Bxd5 Qg7
35. Qxf5 gxf5 36. Rxg7 Kxg7 37. c4 Nxd5 38. cxd5 Rc2 39. Kg2 Rb8 40. Kf3 Rbb2
41. Rg1+ Kf6 42. Nh5+ Ke7 43. Kf4 Rxf2+ 44. Ke5 Rg2 45. d6+ Kd8 46. Rxg2 Rxg2
47. Kxf5 Ra2 48. e4 Rxa3 49. e5 a4 50. e6 Rf3+ 51. Kg4 Re3 52. e7+ Kd7 53. Kf4
Re1 54. Nf6+ Kxd6 55. e8=R Rxe8 56. Nxe8+ Kc6 57. d5+ Kxd5 0-1

[Event "SVK Extraliga 2018/2019"]
[Site "?"]
[Date "2019.04.12"]
[Round "9.1"]
[White "Balogh, Csaba"]
[Black "Cvek, Robert"]
[Result "1/2-1/2"]
[WhiteElo "2610"]
[BlackElo "2524"]
[PlyCount "32"]
[EventDate "2018.11.10"]
[WhiteTeam "SK Modra"]
[BlackTeam "SK Osuske"]

1. e4 e6 2. d4 d5 3. Nd2 Be7 4. e5 c5 5. c3 Nc6 6. Bd3 Bd7 7. Ne2 f6 8. exf6
Nxf6 9. O-O e5 10. Bb5 Qc7 11. Nb3 a6 12. Bxc6 Bxc6 13. Nxc5 Bxc5 14. dxc5 O-O
15. f4 Bb5 16. a4 Qxc5+ 1/2-1/2

[Event "SVK Extraliga 2018/2019"]
[Site "?"]
[Date "2019.04.12"]
[Round "9.3"]
[White "Michalik, Peter"]
[Black "Jablonicky, Martin"]
[Result "0-1"]
[WhiteElo "2577"]
[BlackElo "2322"]
[PlyCount "112"]
[EventDate "2018.11.10"]
[WhiteTeam "SK Modra"]
[BlackTeam "SK Osuske"]

1. d4 Nf6 2. Nf3 g6 3. g3 Bg7 4. Bg2 O-O 5. O-O d6 6. c4 Nbd7 7. Nc3 e5 8. e4
exd4 9. Nxd4 Nc5 10. f3 Bd7 11. Be3 a6 12. Qc2 Ne6 13. Rfd1 Rc8 14. Nb3 Qe7 15.
Qf2 b5 16. c5 b4 17. Nd5 Nxd5 18. exd5 Ng5 19. Bxg5 Qxg5 20. c6 Be8 21. f4 Qd8
22. Nd4 Rb8 23. g4 Bxd4 24. Qxd4 Qh4 25. Qa7 Rc8 26. Qb7 Qxg4 27. Rd3 f6 28.
Qxb4 Bf7 29. Rg3 Qh4 30. Qd4 Rfe8 31. Bf3 f5 32. Kg2 Rb8 33. Rf1 Qe7 34. Rf2
Qe3 35. Qxe3 Rxe3 36. Rd2 Rb4 37. Be2 Bxd5+ 38. Kf2 Rxg3 39. hxg3 Bxc6 40. Bxa6
Be4 41. a3 Rb6 42. Bc4+ d5 43. Ba2 Kf7 44. Bxd5+ Bxd5 45. Rxd5 Rxb2+ 46. Kf1
Ke6 47. Re5+ Kd6 48. Re8 Rb3 49. Kg2 Rxa3 50. Rh8 c5 51. Rxh7 Ra6 52. Kf3 Kd5
53. Rd7+ Rd6 54. Rc7 Kc4 55. g4 fxg4+ 56. Kxg4 Kd4 0-1

[Event "SVK Extraliga 2018/2019"]
[Site "?"]
[Date "2019.04.12"]
[Round "9.1"]
[White "Cernousek, Lukas"]
[Black "Piorun, Kacper"]
[Result "0-1"]
[WhiteElo "2438"]
[BlackElo "2660"]
[PlyCount "128"]
[EventDate "2018.11.10"]
[WhiteTeam "SKS Dubnica nad Vahom"]
[BlackTeam "TJ Inbest Dunajov"]

1. d4 Nf6 2. c4 g6 3. g3 Bg7 4. Bg2 d6 5. Nf3 O-O 6. O-O Nc6 7. Nc3 Bf5 8. d5
Na5 9. Nd2 c5 10. e4 Bd7 11. Qc2 a6 12. b3 b5 13. Bb2 Rb8 14. Nd1 Qc7 15. Bc3
e6 16. Ne3 exd5 17. exd5 Rfe8 18. Rae1 b4 19. Bb2 Re7 20. Qc1 Rbe8 21. Nc2 Nb7
22. Rxe7 Rxe7 23. Re1 Rxe1+ 24. Qxe1 Qd8 25. Ne3 a5 26. Qa1 Ne8 27. Bxg7 Nxg7
28. Ne4 Ne8 29. h4 Qe7 30. Kf1 Nd8 31. Ke2 h6 32. f4 f5 33. Nf2 Nf6 34. Bf3 Nf7
35. Nh3 Nh7 36. Kd2 g5 37. hxg5 hxg5 38. Bh5 Nh8 39. Be2 gxf4 40. gxf4 Qh4 41.
Qg1+ Kf8 42. Qf1 Qf6 43. Nc2 Qc3+ 44. Kc1 a4 45. Qf3 Qg7 46. a3 bxa3 47. Nxa3
Nf7 48. Nc2 Nf6 49. bxa4 Bxa4 50. Bd3 Bd7 51. Nf2 Ng4 52. Nd1 Qf6 53. Qe2 Nh8
54. Qd2 Ng6 55. Nc3 Nh6 56. Ne2 Qh4 57. Kb2 Ng4 58. Ne3 Nf2 59. Bc2 Nh3 60. Qc3
Nhxf4 61. Nxf4 Nxf4 62. Nxf5 Bxf5 63. Bxf5 Ne2 64. Qf3 Qf6+ 0-1

[Event "SVK Extraliga 2018/2019"]
[Site "?"]
[Date "2019.04.13"]
[Round "10.1"]
[White "Navara, David"]
[Black "Vajda, Levente"]
[Result "1-0"]
[WhiteElo "2733"]
[BlackElo "2535"]
[PlyCount "89"]
[EventDate "2018.11.10"]
[WhiteTeam "Reinter Snina"]
[BlackTeam "SK Dunajska Streda"]

1. e4 e5 2. Nf3 Nc6 3. Bb5 a6 4. Ba4 Nf6 5. O-O Be7 6. Re1 b5 7. Bb3 d6 8. c3
O-O 9. h3 Nb8 10. d4 Nbd7 11. Nbd2 Bb7 12. Bc2 Re8 13. Nf1 Bf8 14. Ng3 g6 15.
a4 c5 16. d5 c4 17. Bg5 Nc5 18. Qd2 Be7 19. Ra3 Nfd7 20. Be3 Qc7 21. Rf1 Nb6
22. axb5 axb5 23. Rxa8 Rxa8 24. Nh2 Nbd7 25. Ng4 Rf8 26. f4 exf4 27. Bxf4 f6
28. Bh6 Rf7 29. Be3 Rf8 30. Nh6+ Kh8 31. h4 Ne5 32. h5 Bc8 33. Ne2 Bd8 34. Nd4
gxh5 35. Nxb5 Qb6 36. Nd4 Qxb2 37. Nc6 Qb6 38. Nxe5 dxe5 39. Qe2 Qc7 40. Qxc4
Be7 41. d6 Bxd6 42. Rxf6 Be6 43. Rxe6 Nxe6 44. Qxe6 Qxc3 45. Bg5 1-0

[Event "SVK Extraliga 2018/2019"]
[Site "?"]
[Date "2019.04.13"]
[Round "10.3"]
[White "Markos, Jan"]
[Black "Nemeth, Miklos"]
[Result "1-0"]
[WhiteElo "2571"]
[BlackElo "2488"]
[PlyCount "163"]
[EventDate "2018.11.10"]
[WhiteTeam "Reinter Snina"]
[BlackTeam "SK Dunajska Streda"]

1. Nf3 Nf6 2. g3 b6 3. Bg2 Bb7 4. O-O e6 5. d3 d5 6. Nc3 c5 7. e4 d4 8. Ne2 Nc6
9. c3 e5 10. a3 Bd6 11. Nh4 O-O 12. Nf5 dxc3 13. bxc3 Bc7 14. Bg5 h6 15. Bh4
Kh7 16. f4 Ba6 17. Rf3 Re8 18. Qa4 Na5 19. Qc2 Re6 20. Raf1 Qd7 21. Bh3 Rc6 22.
c4 Ng8 23. Nc3 f6 24. Nd5 Rf8 25. Nxc7 Qxc7 26. Ne3 Re8 27. Nd5 Qd6 28. Bf5+
Kh8 29. Bg6 Rb8 30. Qc3 Bc8 31. fxe5 fxe5 32. Bf7 Bg4 33. R3f2 Bh3 34. Re1 Rf8
35. g4 Qd7 36. Be6 Qxe6 37. Rxf8 Qxg4+ 38. Bg3 Re6 39. Kh1 Nc6 40. Rg1 Nd4 41.
Bxe5 Qxg1+ 42. Kxg1 Rxe5 43. Kf2 Kh7 44. Nf4 Bd7 45. Ne2 Nc6 46. Qc1 Rh5 47.
Kg1 Nf6 48. Ng3 Rg5 49. Qf1 Kg6 50. Qf4 Nd4 51. Qd6 Bh3 52. Kf2 Ne6 53. Ra8 h5
54. Rh8 Nd4 55. Ke3 Nc2+ 56. Kd2 Nd4 57. Kc3 Be6 58. Kb2 Rg4 59. e5 Nh7 60. Re8
Ng5 61. Qf8 h4 62. Re7 Nf7 63. Qe8 hxg3 64. Rxe6+ Nxe6 65. Qxe6+ Kg5 66. hxg3
Nh6 67. Qe7+ Kf5 68. e6 Rg6 69. Qxa7 Rxe6 70. Qxg7 Rd6 71. a4 Ng4 72. Qh7+ Ke6
73. Qg6+ Nf6 74. g4 Ke7 75. g5 Ne8 76. Qh7+ Kd8 77. g6 Rd7 78. Qf7 Rxf7 79.
gxf7 Ke7 80. fxe8=Q+ Kxe8 81. Kb3 Kd7 82. a5 1-0

[Event "SVK Extraliga 2018/2019"]
[Site "?"]
[Date "2019.04.13"]
[Round "10.6"]
[White "Bagi, Mate"]
[Black "Krak, Tomas"]
[Result "1-0"]
[WhiteElo "2452"]
[BlackElo "2275"]
[PlyCount "85"]
[EventDate "2018.11.10"]
[WhiteTeam "SK Dunajska Streda"]
[BlackTeam "Reinter Snina"]

1. e4 c5 2. Nf3 Nc6 3. d4 cxd4 4. Nxd4 g6 5. c4 Bg7 6. Be3 d6 7. Nc3 Qb6 8. Nb3
Bxc3+ 9. bxc3 Qc7 10. c5 dxc5 11. Nxc5 Nf6 12. f3 b6 13. Nb3 O-O 14. Be2 Ne5
15. O-O Be6 16. Bd4 Nc4 17. Qc1 a5 18. Qh6 a4 19. Nc1 Na3 20. Nd3 Ra5 21. f4
Nc2 22. Rac1 Nxd4 23. cxd4 Qd8 24. d5 Bg4 25. Bxg4 Nxg4 26. Qh3 f5 27. Nb4 Rc5
28. Nc6 Qc7 29. Rxc5 bxc5 30. e5 c4 31. Qc3 Qb6+ 32. Nd4 Rd8 33. h3 Rxd5 34.
Rd1 Nh6 35. Qxc4 e6 36. Qxa4 Kf7 37. Kh2 Ng8 38. Nf3 Rxd1 39. Qxd1 Ne7 40. Ng5+
Ke8 41. Qa4+ Kd8 42. Nxh7 Nd5 43. Nf6 1-0

[Event "SVK Extraliga 2018/2019"]
[Site "?"]
[Date "2019.04.13"]
[Round "10.7"]
[White "Holtman, Teodor"]
[Black "Czebe, Attila"]
[Result "0-1"]
[WhiteElo "2261"]
[BlackElo "2400"]
[PlyCount "82"]
[EventDate "2018.11.10"]
[WhiteTeam "Reinter Snina"]
[BlackTeam "SK Dunajska Streda"]

1. e4 c5 2. Nf3 e6 3. d4 cxd4 4. Nxd4 a6 5. Nc3 d6 6. f4 b5 7. Bd3 Bb7 8. Qe2
Nd7 9. Bd2 Nc5 10. b4 Nxd3+ 11. cxd3 Nf6 12. g4 g6 13. g5 Nh5 14. f5 Bg7 15. f6
Bf8 16. Qg4 e5 17. Nb3 d5 18. Nxd5 Bxd5 19. exd5 Qxd5 20. O-O Bd6 21. Qe4 Qxe4
22. dxe4 O-O 23. a3 Nf4 24. Rfd1 Ne2+ 25. Kf2 Nd4 26. Nxd4 exd4 27. Kf3 Rfc8
28. Rac1 Bxh2 29. Bf4 Bxf4 30. Kxf4 Rc3 31. Ra1 Rd8 32. Rd2 h6 33. gxh6 Kh7 34.
a4 g5+ 35. Ke5 Re8+ 36. Kd5 Kxh6 37. axb5 axb5 38. Ra7 Kg6 39. Rb7 Rd8+ 40. Ke5
Rc6 41. Re7 d3 0-1

[Event "SVK Extraliga 2018/2019"]
[Site "?"]
[Date "2019.04.13"]
[Round "10.8"]
[White "Csonka, Attila Istvan"]
[Black "Pcola, Pavol"]
[Result "1-0"]
[WhiteElo "2374"]
[BlackElo "2382"]
[PlyCount "51"]
[EventDate "2018.11.10"]
[WhiteTeam "SK Dunajska Streda"]
[BlackTeam "Reinter Snina"]

1. e4 e6 2. d4 d5 3. Nd2 Nf6 4. e5 Nfd7 5. Bd3 c5 6. c3 b6 7. Ne2 Ba6 8. Bxa6
Nxa6 9. a3 Nc7 10. O-O f5 11. Nf4 Qe7 12. c4 g5 13. cxd5 gxf4 14. d6 Qg7 15.
dxc7 Rc8 16. Nf3 Rg8 17. g3 fxg3 18. hxg3 cxd4 19. b4 Rxc7 20. Nxd4 Qg4 21.
Nxe6 Rc4 22. Bf4 Rxf4 23. Nxf4 Qxf4 24. Qh5+ Kd8 25. Rad1 Qxe5 26. Rxd7+ 1-0

[Event "SVK Extraliga 2018/2019"]
[Site "?"]
[Date "2019.04.13"]
[Round "10.1"]
[White "Krejci, Jan"]
[Black "Papp, Gabor"]
[Result "1/2-1/2"]
[WhiteElo "2588"]
[BlackElo "2598"]
[PlyCount "65"]
[EventDate "2018.11.10"]
[WhiteTeam "SK Prakovce - www.sachovetreningy.sk"]
[BlackTeam "Slovan Commander"]

1. d4 Nf6 2. Nf3 d5 3. c4 e6 4. Nc3 c5 5. cxd5 Nxd5 6. e4 Nxc3 7. bxc3 cxd4 8.
cxd4 Bb4+ 9. Bd2 Bxd2+ 10. Qxd2 O-O 11. Bc4 Nd7 12. O-O b6 13. Rad1 Bb7 14.
Rfe1 Rc8 15. Bb3 Re8 16. d5 exd5 17. exd5 Nc5 18. d6 Bxf3 19. gxf3 Qd7 20. Qf4
h6 21. Bc4 b5 22. Rxe8+ Rxe8 23. Bd5 Ne6 24. Qg3 a5 25. Kh1 Rd8 26. Be4 b4 27.
Qe5 a4 28. Qf5 g6 29. Qf6 b3 30. axb3 axb3 31. Rg1 b2 32. Bf5 Re8 33. Qxb2
1/2-1/2

[Event "SVK Extraliga 2018/2019"]
[Site "?"]
[Date "2019.04.13"]
[Round "10.2"]
[White "Banusz, Tamas"]
[Black "Zilka, Stepan"]
[Result "1-0"]
[WhiteElo "2614"]
[BlackElo "2534"]
[PlyCount "103"]
[EventDate "2018.11.10"]
[WhiteTeam "Slovan Commander"]
[BlackTeam "SK Prakovce - www.sachovetreningy.sk"]

1. Nf3 Nf6 2. g3 d5 3. Bg2 e6 4. O-O b5 5. d4 c5 6. a4 b4 7. c4 Bb7 8. Bg5 dxc4
9. Nbd2 cxd4 10. Nxc4 d3 11. Nce5 Be7 12. Qxd3 Qxd3 13. Nxd3 h6 14. Bxf6 Bxf6
15. Rac1 Nd7 16. Rc7 Rb8 17. Nd2 Bxg2 18. Kxg2 Ne5 19. Nc5 a5 20. Nb7 O-O 21.
Rfc1 Ra8 22. R1c5 Ra7 23. f4 Bd8 24. Nxd8 Rxc7 25. Rxc7 Rxd8 26. Nb3 Ng4 27.
Nxa5 Rd2 28. Nc4 Rc2 29. Kf3 Nxh2+ 30. Ke3 Nf1+ 31. Kd3 Rc1 32. a5 Ra1 33. g4
Nh2 34. Rb7 Nxg4 35. Rxb4 h5 36. Na3 Rd1+ 37. Kc4 Ne3+ 38. Kb5 Rd8 39. Nc4 Nc2
40. Ra4 h4 41. Ne5 Nd4+ 42. Kc4 h3 43. Ra3 h2 44. Rh3 f6 45. Nd3 Nxe2 46. Rxh2
Rd4+ 47. Kc5 Rd5+ 48. Kb6 Nd4 49. Nc5 Rd6+ 50. Kb7 Nb5 51. a6 Kf7 52. Rg2 1-0

[Event "SVK Extraliga 2018/2019"]
[Site "?"]
[Date "2019.04.13"]
[Round "10.7"]
[White "Jacko, Vladimir"]
[Black "Petran, Peter"]
[Result "1/2-1/2"]
[WhiteElo "2322"]
[BlackElo "2242"]
[PlyCount "47"]
[EventDate "2018.11.10"]
[WhiteTeam "SK Prakovce - www.sachovetreningy.sk"]
[BlackTeam "Slovan Commander"]

1. e4 g6 2. d4 Bg7 3. Nc3 c6 4. Nf3 d5 5. h3 dxe4 6. Nxe4 Nf6 7. Nxf6+ exf6 8.
Bd3 Be6 9. O-O O-O 10. c4 Na6 11. b3 Qd7 12. Ba3 Rfd8 13. Qc2 Nc7 14. Rad1 a5
15. Bb2 Na6 16. a3 Nc7 17. Rfe1 b5 18. Nd2 f5 19. Nf3 a4 20. bxa4 bxc4 21. Bxc4
Bxc4 22. Qxc4 Qd5 23. Rc1 Ne6 24. Qxc6 1/2-1/2

[Event "SVK Extraliga 2018/2019"]
[Site "?"]
[Date "2019.04.13"]
[Round "10.8"]
[White "Kostolansky, Sebastian Lukas"]
[Black "Zambor, Norbert"]
[Result "1/2-1/2"]
[WhiteElo "2323"]
[BlackElo "2292"]
[PlyCount "58"]
[EventDate "2018.11.10"]
[WhiteTeam "Slovan Commander"]
[BlackTeam "SK Prakovce - www.sachovetreningy.sk"]

1. e4 c6 2. d4 d5 3. e5 Bf5 4. Be3 e6 5. Nd2 Nd7 6. Nb3 Ne7 7. Nf3 Bg6 8. Nh4
Nf5 9. Nxf5 Bxf5 10. Be2 Be7 11. O-O O-O 12. c3 Rc8 13. f4 c5 14. g4 Be4 15.
Bf3 Bxf3 16. Qxf3 cxd4 17. Bxd4 Nc5 18. f5 Nxb3 19. axb3 Bc5 20. Bxc5 Rxc5 21.
fxe6 fxe6 22. Qxf8+ Qxf8 23. Rxf8+ Kxf8 24. Rxa7 Rb5 25. b4 d4 26. Kf2 Ke8 27.
Kf3 Rxe5 28. cxd4 Rb5 29. Ra4 h5 1/2-1/2